[Event "January Standard"]
[Site "SchemingMind.com"]
[Date "2007.01.15"]
[Round "-"]
[White "Trener"]
[Black "jtrochez1"]
[Result "1-0"]
[WhiteCountry "PAR"]
[BlackCountry "HON"]
[WhiteElo "1987"]
[WhiteRD "86"]
[BlackElo "1511"]
[BlackRD "47"]
[GameID "86984"]

1. e4 c5 2. Nf3 d6 3. d4 cxd4 4. Nxd4 e5 5. Bb5+ Bd7 6. Bxd7+ Nxd7 7. Nf5 Ngf6 8. Nc3 g6 9. Nxd6+ Bxd6 10. Qxd6 Qe7
11. Qxe7+ Kxe7 12. Be3 Rhc8 13. Kd2 a6 14. f3 b5 15. a3 Rc7 16. Rhd1 Kf8 17. Ke2 Kg7 18. Rd2 Nf8 19. Bg5 N8d7 20. Rad1 Rac8
21. Rd6 Ra7 22. Be3 Rb7 23. Rxa6 b4 24. axb4 Rxb4 25. Ra2 Rb7 26. g4 Ng8 27. Ra7 Rxa7 28. Bxa7 Nf8 29. Be3 Rb8 30. Rb1 Ne6
31. Nd5 Rc8 32. c3 Nc7 33. Nb6 Rd8 34. Ra1 Ne6 35. Ra5 f6 36. Ra7+ Kh8 37. b4 Nf4+ 38. Bxf4 exf4 39. Nd5 g5 40. b5 Rc8
41. b6 Rb8 42. b7 Kg7 43. c4 Kf7 44. c5 Ne7 45. Nxe7 Kxe7 46. c6 Kd6 47. Ra8
1-0

[Event "January Standard"]
[Site "SchemingMind.com"]
[Date "2007.01.15"]
[Round "-"]
[White "Trener"]
[Black "rodrigos"]
[Result "1-0"]
[WhiteCountry "PAR"]
[BlackCountry "ENG"]
[WhiteElo "1987"]
[WhiteRD "86"]
[BlackElo "1598"]
[BlackRD "103"]
[GameID "86985"]

1. e4 e5 2. Nf3 Nc6 3. Bb5 Bc5 4. c3 Nge7 5. d4 exd4 6. cxd4 Bb6 7. O-O a6 8. Ba4 Nb8 9. d5 Ng6 10. d6 O-O
11. Nc3 Ba7 12. Bb3 b5 13. Ng5 Bb6 14. Qh5 h6 15. Qxg6 hxg5 16. Bxg5 Qe8 17. Bh6 Qe5 18. dxc7 Bxc7 19. f4 Qd4+ 20. Kh1 Kh8
21. Bxf7 d6 22. Rfd1 Qf6 23. Qxf6 gxf6 24. Bxf8 Bb7 25. Rd3 Nd7 26. Rh3#
1-0

[Event "January Standard"]
[Site "SchemingMind.com"]
[Date "2007.01.14"]
[Round "-"]
[White "Trener"]
[Black "keen"]
[Result "1-0"]
[WhiteCountry "PAR"]
[BlackCountry "SCO"]
[WhiteElo "1871"]
[WhiteRD "107"]
[BlackElo "1736"]
[BlackRD "61"]
[GameID "86986"]

1. e4 e5 2. Bc4 Nf6 3. Nc3 Bc5 4. d3 O-O 5. Nf3 Nc6 6. O-O h6 7. a3 a6 8. h3 d6 9. Be3 Bxe3 10. fxe3 Ne7
11. Qe1 Ng6 12. Qg3 Qe7 13. Qxg6 Kh8 14. Qg3 Nh5 15. Qh4 Qxh4 16. Nxh4
1-0

[Event "January Standard"]
[Site "SchemingMind.com"]
[Date "2007.01.14"]
[Round "-"]
[White "Trener"]
[Black "Dr_Pat"]
[Result "1-0"]
[WhiteCountry "PAR"]
[BlackCountry "USA"]
[WhiteElo "1871"]
[WhiteRD "107"]
[BlackElo "1493"]
[BlackRD "49"]
[GameID "86987"]

1. e4 e6 2. d4 d5 3. Nd2 c5 4. exd5 exd5 5. Ngf3 Nc6 6. Bb5 a6 7. Bxc6+ bxc6 8. O-O cxd4 9. Re1+ Be7 10. Nb3 Nf6
11. Ne5 Qb6 12. Nxd4 O-O 13. Nexc6 Bd6 14. Bg5 Be6 15. Bxf6 gxf6 16. c4 Qb7 17. cxd5 Bxd5 18. Nf5 Qxc6 19. Qg4+
1-0

[Event "January Standard"]
[Site "SchemingMind.com"]
[Date "2007.01.14"]
[Round "-"]
[White "Trener"]
[Black "Majoanis"]
[Result "1-0"]
[WhiteCountry "PAR"]
[BlackCountry "CAN"]
[WhiteElo "1983"]
[WhiteRD "86"]
[BlackElo "1702"]
[BlackRD "70"]
[GameID "86988"]

1. e4 e5 2. Nf3 Nc6 3. Bb5 a6 4. Bxc6 dxc6 5. d4 exd4 6. Qxd4 Qxd4 7. Nxd4 Bd7 8. Nc3 O-O-O 9. Be3 Bb4 10. Ne2 Ne7
11. h4 h6 12. O-O-O Rhg8 13. h5 Rge8 14. f3 Kb8 15. g4 Nc8 16. g5 hxg5 17. Bxg5 Be7 18. Rhg1 Bxg5+ 19. Rxg5 Rg8 20. Rdg1
1-0

[Event "January Standard"]
[Site "SchemingMind.com"]
[Date "2007.01.16"]
[Round "-"]
[White "cnbcad"]
[Black "Trener"]
[Result "0-1"]
[WhiteCountry "USA"]
[BlackCountry "PAR"]
[WhiteElo "1575"]
[WhiteRD "57"]
[BlackElo "2056"]
[BlackRD "87"]
[GameID "86989"]

1. e4 c5 2. Nf3 d6 3. d4 cxd4 4. Nxd4 Nf6 5. Nc3 Nc6 6. Nxc6 bxc6 7. e5 dxe5 8. Qxd8+ Kxd8 9. Bg5 Bg4 10. f3 Bf5
11. Bd3 Bxd3 12. cxd3 Nd5 13. Nxd5 cxd5 14. O-O Kd7 15. Rac1 e6 16. Rfe1 a5 17. Red1 Bd6 18. a4 Rhb8 19. Rb1 Rb3 20. Bh4 Rb4
21. Bf2 Rxa4 22. b3 Ra3 23. h3 Rb8 24. Rdc1 Raxb3 25. Ra1 Ra8 26. Be1 a4 27. Bg3 Rxd3 28. Re1 f6 29. Reb1 Rc3 30. Be1 Rc2
31. Rb7+ Kc6 32. Rab1 Bc5+ 33. Kh2 a3 34. R7b3 a2 35. Ra1 Bd4
0-1

[Event "January Standard"]
[Site "SchemingMind.com"]
[Date "2007.01.15"]
[Round "-"]
[White "jtrochez1"]
[Black "Trener"]
[Result "0-1"]
[WhiteCountry "HON"]
[BlackCountry "PAR"]
[WhiteElo "1511"]
[WhiteRD "47"]
[BlackElo "1987"]
[BlackRD "86"]
[GameID "86990"]

1. e4 c5 2. Bc4 Nf6 3. Nc3 Nc6 4. Nf3 e6 5. d4 cxd4 6. Nxd4 Bb4 7. Nxc6 bxc6 8. O-O Bxc3 9. bxc3 d5 10. exd5 Nxd5
11. Bxd5 cxd5 12. Ba3 Qa5 13. Bb4 Qc7 14. a4 a5 15. Ba3 Qxc3 16. Bd6 Qc6 17. Ba3 Qxa4 18. Bc5 Qc4 19. Ba3 Rg8 20. Bd6 Qc6
21. Bg3 a4 22. Ra3 Bb7 23. f3 Qc5+ 24. Kh1 Qxa3 25. Re1 Qc5 26. Be5 a3 27. Ba1 Qc4 28. h3 Bc6 29. c3 g5 30. Qe2 Qxe2
31. Rxe2 Bb5 32. Re3 a2 33. Re1 Bc4 34. Re3 Rb8 35. Re1 Rb1 36. Rg1 Rxg1+ 37. Kxg1 Kd7 38. Kf2 Rb8
0-1

[Event "January Standard"]
[Site "SchemingMind.com"]
[Date "2007.01.15"]
[Round "-"]
[White "rodrigos"]
[Black "Trener"]
[Result "0-1"]
[WhiteCountry "ENG"]
[BlackCountry "PAR"]
[WhiteElo "1598"]
[WhiteRD "103"]
[BlackElo "1987"]
[BlackRD "86"]
[GameID "86991"]

1. e4 e5 2. h3 Nf6 3. Nf3 Nxe4 4. d3 Nf6 5. Nxe5 d5 6. Qe2 Be7 7. Nf3 Nc6 8. Bg5 O-O 9. Qd1 Re8 10. Be2 d4
11. O-O Nd5 12. Bxe7 Qxe7 13. Re1 Qf6 14. Bf1 Rxe1 15. Qxe1 Bxh3 16. gxh3 Qxf3 17. Bg2 Qh5 18. Nd2 Nf4 19. Kh2 Nxg2 20. Kxg2 Nb4
21. Qe4 Qg5+ 22. Kh1 Qxd2 23. Re1 Rf8 24. Kg2 Qxc2 25. Qxd4 c5 26. Qd7 Nxd3 27. Re8 Qxf2+ 28. Kh1 Qf3+ 29. Kg1 Qg3+
0-1

[Event "January Standard"]
[Site "SchemingMind.com"]
[Date "2007.01.14"]
[Round "-"]
[White "keen"]
[Black "Trener"]
[Result "0-1"]
[WhiteCountry "SCO"]
[BlackCountry "PAR"]
[WhiteElo "1736"]
[WhiteRD "61"]
[BlackElo "1871"]
[BlackRD "107"]
[GameID "86992"]

1. e4 c5 2. c3 e6 3. Nf3 d5 4. Bb5+ Bd7 5. Bxd7+ Qxd7 6. exd5 Qxd5 7. O-O Nc6 8. Qa4 a6 9. Re1 b5 10. Qc2 c4
11. b3 Nf6 12. bxc4 bxc4 13. Ba3 Bxa3 14. Nxa3 Rc8 15. Qa4 Qa5 16. Qxa5 Nxa5 17. Nc2 Nd5 18. Rab1 Ke7 19. Ncd4 Rb8 20. g3 Rhe8
21. Ne5 Rxb1 22. Rxb1 f6 23. Nec6+ Nxc6 24. Nxc6+ Kd6 25. Na5 Rc8 26. Rb7 Rc5 27. Nxc4+ Rxc4 28. Rxg7 Ra4 29. Rxh7 Rxa2
0-1

[Event "January Standard"]
[Site "SchemingMind.com"]
[Date "2007.01.15"]
[Round "-"]
[White "Dr_Pat"]
[Black "Trener"]
[Result "0-1"]
[WhiteCountry "USA"]
[BlackCountry "PAR"]
[WhiteElo "1493"]
[WhiteRD "49"]
[BlackElo "1871"]
[BlackRD "107"]
[GameID "86993"]

1. e4 c5 2. Nf3 d6 3. d4 cxd4 4. Nxd4 Nf6 5. Nc3 Nc6 6. Bb5 Bd7 7. O-O e6 8. Nxc6 bxc6 9. Be2 Qc7 10. Qd3 Rb8
11. b3 d5 12. Be3 h5 13. f4 Ng4 14. Bxg4 hxg4 15. Bd4 Rc8 16. Qg3 Qb7 17. Qxg4 e5 18. Qg3 exd4 19. Ne2 dxe4 20. Nxd4 c5
21. Ne2 Rc6 22. c4 Rch6 23. h3 Rg6 24. Qc3 Bxh3 25. Qe5+ Be7 26. Rf2 e3 27. Qxe3 Rxg2+ 28. Rxg2 Qxg2#
0-1

[Event "January Standard"]
[Site "SchemingMind.com"]
[Date "2007.01.15"]
[Round "-"]
[White "Majoanis"]
[Black "Trener"]
[Result "0-1"]
[WhiteCountry "CAN"]
[BlackCountry "PAR"]
[WhiteElo "1769"]
[WhiteRD "70"]
[BlackElo "1987"]
[BlackRD "86"]
[GameID "86994"]

1. d4 d5 2. c4 e6 3. Nf3 Nf6 4. g3 dxc4 5. Bg2 Nc6 6. Qa4 Bb4+ 7. Bd2 Nd5 8. Qb5 O-O 9. Qxc4 Be7 10. O-O Nb6
11. Qd3 e5 12. dxe5 Qxd3 13. exd3 f6 14. exf6 Bxf6 15. Nc3 Bf5 16. d4 Nxd4 17. Nxd4 Bxd4 18. Bxb7 Rab8 19. Bg2 Bd3 20. Rfd1 Bc2
21. Rf1 Bd3 22. Rfd1 Bxf2+ 23. Kh1 Nc4 24. Be1 Nxb2 25. Bxf2 Rxf2
0-1

[Event "January Standard"]
[Site "SchemingMind.com"]
[Date "2007.01.15"]
[Round "-"]
[White "hawkeye"]
[Black "cnbcad"]
[Result "0-1"]
[WhiteCountry "USA"]
[BlackCountry "USA"]
[WhiteElo "1497"]
[WhiteRD "102"]
[BlackElo "1565"]
[BlackRD "51"]
[GameID "87027"]

1. c4 e5 2. Nc3 d6 3. g3 Nf6 4. Bg2 c6 5. d3 h6 6. Qc2 Bg4 7. Bd2 Be7 8. e3 Bf5 9. e4 Bg4 10. Nf3 Nbd7
11. O-O Nc5 12. b3 Qd7 13. Rfb1 Bh3 14. Ne1 Bxg2 15. Kxg2 Ne6 16. Ne2 Ng4 17. a4 Bg5 18. Nf3 Bxd2 19. Qxd2 O-O-O 20. d4 Ng5
21. Nxg5 hxg5 22. Rh1 Rh3 23. d5 Rdh8 24. Qe1 Rxh2+ 25. Rxh2 Rxh2+ 26. Kf3 Rxf2+ 27. Qxf2 Nxf2 28. Kxf2 cxd5 29. cxd5 Qg4 30. Ke3 f5
31. Rc1+ Kd7 32. exf5 e4 33. Rf1 Qh3 34. Rf2 g4 35. Rf4 Qh1 36. Rf2 Qb1 37. f6 Qd3+ 38. Kf4 gxf6 39. Kxg4 f5+ 40. Kh3 Qxb3
41. Nf4 Qxa4 42. Ng6 e3 43. Rf4 Qd1 44. Rxf5 Qh1+ 45. Kg4 e2 46. Nf8+ Ke8 47. Ne6 Qe4+ 48. Kg5 Qxf5+
0-1

[Event "January Standard"]
[Site "SchemingMind.com"]
[Date "2007.01.15"]
[Round "-"]
[White "hawkeye"]
[Black "jtrochez1"]
[Result "0-1"]
[WhiteCountry "USA"]
[BlackCountry "HON"]
[WhiteElo "1508"]
[WhiteRD "98"]
[BlackElo "1495"]
[BlackRD "52"]
[GameID "87028"]

1. Nf3 Nc6 2. c4 e5 3. Nc3 Nf6 4. d3 h6 5. g3 d5 6. cxd5 Nxd5 7. Bg2 Nf6 8. O-O Bd6 9. Nd2 Be6 10. Nde4 Be7
11. Bd2 Nd4 12. Nxf6+ Bxf6 13. b4 Rb8 14. Ne4 Be7 15. Nc5 Bxc5 16. bxc5 c6 17. f3 O-O 18. Kh1 Qd7 19. Bc3 f6 20. Qd2 Bh3
21. Qd1 Bxg2+ 22. Kxg2 Nf5 23. Bd2 b5 24. Rc1 a5 25. Rf2 a4 26. Qe1 Rbe8 27. e4 Nd4 28. Be3 f5 29. Bxd4 Qxd4 30. Rd1 Re6
31. Qe2 f4 32. Qc2 Rg6 33. Rff1 Qd8 34. Qf2 fxg3 35. hxg3 Qe7 36. Qe2 Qxc5 37. Rc1 Qd6 38. Rh1 Rff6 39. Qe3 Qd4 40. Qxd4 exd4
41. Rh4 b4 42. Rc4 c5 43. Rh5 b3 44. axb3 axb3 45. Rcxc5 Rb6 46. Rhd5 b2 47. Rxd4 b1=Q 48. Rd8+ Kh7 49. f4 Rb2+ 50. Kf3 Qf1+
51. Ke3 Qg1+
0-1

[Event "January Standard"]
[Site "SchemingMind.com"]
[Date "2007.01.15"]
[Round "-"]
[White "hawkeye"]
[Black "rodrigos"]
[Result "1-0"]
[WhiteCountry "USA"]
[BlackCountry "ENG"]
[WhiteElo "1508"]
[WhiteRD "98"]
[BlackElo "1500"]
[BlackRD "91"]
[GameID "87029"]

1. c4 e5 2. Nc3 Nf6 3. d3 b6 4. Bg5 Bb7 5. e4 c5 6. Nge2 a6 7. Ng3 Be7 8. Nf5 g6 9. Ng7+ Kf8 10. Bh6 Kg8
11. Be2 Bf8 12. Nh5 Bxh6 13. O-O gxh5 14. Bxh5 Bg7 15. Qf3 d6 16. Rab1 Nbd7 17. Ne2 Nxh5 18. Qxh5 Nf6 19. Qh3 Bc8 20. Qe3 h5
21. Ng3 Ng4 22. Qf3 Qg5 23. Rbd1 h4 24. Nf5 Bxf5 25. exf5 Rh5 26. Qxa8+ Bf8 27. Qf3 Nf6 28. Qe3 Qxf5 29. h3 Bh6 30. Qe2 Rg5
31. Kh2 Rg7 32. Rg1 Nh5 33. Rdf1 Nf4 34. Qf3 Qh7 35. Qa8#
1-0

[Event "January Standard"]
[Site "SchemingMind.com"]
[Date "2007.01.15"]
[Round "-"]
[White "hawkeye"]
[Black "keen"]
[Result "0-1"]
[WhiteCountry "USA"]
[BlackCountry "SCO"]
[WhiteElo "1499"]
[WhiteRD "109"]
[BlackElo "1744"]
[BlackRD "63"]
[GameID "87030"]

1. Nf3 Nf6 2. g3 g6 3. Bg2 Bg7 4. c3 O-O 5. O-O Nc6 6. d4 d6 7. Bg5 Ne4 8. Be3 Bd7 9. Nfd2 Nf6 10. Na3 Rb8
11. b4 e6 12. Ne4 Nxe4 13. Bxe4 d5 14. Bg2 Ne7 15. Bf4 Nc8 16. c4 c6 17. Bxb8 Nb6 18. Bd6 Re8 19. e3 Nc8 20. Be5 f6
21. Bb8 b6 22. c5 bxc5 23. dxc5 a5 24. Nc2 Ne7 25. Ba7 Nc8 26. Bb6 Nxb6 27. cxb6 Qxb6 28. a3 Bc8 29. Re1 Ba6 30. Rb1 Bc4
31. bxa5 Qxa5 32. e4 Bf8 33. Ra1 Bc5 34. exd5 cxd5 35. Bf1 Bb3
0-1

[Event "January Standard"]
[Site "SchemingMind.com"]
[Date "2007.01.14"]
[Round "-"]
[White "hawkeye"]
[Black "Dr_Pat"]
[Result "0-1"]
[WhiteCountry "USA"]
[BlackCountry "USA"]
[WhiteElo "1508"]
[WhiteRD "98"]
[BlackElo "1559"]
[BlackRD "50"]
[GameID "87031"]

1. d4 Nf6 2. Nc3 d5 3. Bf4 Bf5 4. Nf3 e6 5. h3 Bd6 6. Ne5 O-O 7. e3 Nfd7 8. Bd3 Bxe5 9. Bxe5 Bxd3 10. Qxd3 Nxe5
11. dxe5 Nc6 12. O-O a6 13. f4 f6 14. exf6 Qxf6 15. a3 b5 16. Rab1 d4 17. Ne4 Qg6 18. Nc5 Qxd3 19. cxd3 e5 20. Rf3 a5
21. b4 dxe3 22. Rxe3 exf4 23. Rf3 Ne5 24. Ne6 Nxf3+ 25. gxf3 Rf7 26. Kf2 axb4 27. Rxb4 c6 28. d4 Rxa3 29. Rb2 Rf6 30. Nc5 g5
31. Rd2 h5 32. Nd7 Re6 33. Nc5 Ree3 34. d5 Rxf3+ 35. Ke2 Rxh3 36. d6 f3+ 37. Kd1 Rh1+ 38. Kc2 Ra2+ 39. Kd3 Rxd2+ 40. Kxd2 f2
41. d7 Rd1+ 42. Kxd1 f1=Q+ 43. Kd2 Qf8 44. Nb7 Qf4+ 45. Ke1 Qb4+ 46. Kf1 Qc4+ 47. Ke1 Qe6+
0-1

[Event "January Standard"]
[Site "SchemingMind.com"]
[Date "2007.01.15"]
[Round "-"]
[White "hawkeye"]
[Black "Trener"]
[Result "0-1"]
[WhiteCountry "USA"]
[BlackCountry "PAR"]
[WhiteElo "1499"]
[WhiteRD "109"]
[BlackElo "1987"]
[BlackRD "86"]
[GameID "87032"]

1. d4 d5 2. Nf3 c6 3. Nc3 Nf6 4. e3 e6 5. Be2 Bd6 6. Bd2 O-O 7. O-O Nbd7 8. Bd3 e5 9. e4 exd4 10. Nxd4 dxe4
11. Nxe4 Nxe4 12. Bxe4 Nc5 13. Bf3 Bxh2+ 14. Kxh2 Qxd4 15. Be3 Qxb2 16. Bxc5 Qe5+ 17. Kg1 Qxc5 18. Re1 Be6 19. Be4 Rae8 20. Qd3 f5
21. Bf3 Rd8 22. Qe2 Rfe8 23. Kh2 Bf7 24. Rad1 Rxe2 25. Rxd8+ Re8 26. Rexe8+ Bxe8 27. Rxe8+ Kf7 28. Re2 Kf6 29. Kg1 Qa3 30. Kf1 Qc1+
31. Re1 Qxc2 32. Be2 Qxa2 33. Rd1 a5 34. Bd3 a4 35. Bb1 Qb3 36. Ke1 a3 37. g4 g6 38. Ke2 Qb2+ 39. Kf3 fxg4+ 40. Kxg4 Qe2+
0-1

[Event "January Standard"]
[Site "SchemingMind.com"]
[Date "2007.01.14"]
[Round "-"]
[White "hawkeye"]
[Black "Majoanis"]
[Result "1-0"]
[WhiteCountry "USA"]
[BlackCountry "CAN"]
[WhiteElo "1497"]
[WhiteRD "102"]
[BlackElo "1586"]
[BlackRD "86"]
[GameID "87033"]

1. Nf3 g6 2. g3 Bg7 3. c4 c5 4. Nc3 Nc6 5. Bg2 e5 6. O-O Nge7 7. Qc2 O-O 8. d3 d6 9. Bd2 a6 10. Qc1 Rb8
11. Ne1 b5 12. e3 Bb7 13. Nd5 Nxd5 14. cxd5 Ne7 15. e4 f5 16. Nc2 a5 17. Bg5 Bf6= 18. Bxf6 Rxf6 19. a4 b4 20. Ne3
1-0

[Event "January Standard"]
[Site "SchemingMind.com"]
[Date "2007.01.15"]
[Round "-"]
[White "cnbcad"]
[Black "hawkeye"]
[Result "0-1"]
[WhiteCountry "USA"]
[BlackCountry "USA"]
[WhiteElo "1565"]
[WhiteRD "51"]
[BlackElo "1497"]
[BlackRD "102"]
[GameID "87034"]

1. e4 Nc6 2. d4 Nf6 3. e5 Nd5 4. Qf3 Ndb4 5. Qc3 e6 6. a3 Nd5 7. Qd2 Be7 8. Bc4 Nb6 9. Bb5 a6 10. Bxc6 dxc6
11. c3 Bd7 12. b4 Nc4 13. Qe2 b5 14. Nd2 Nb6 15. Ngf3 f6 16. exf6 Bxf6 17. Ne4 O-O 18. Qd3 h6 19. Ng3 Be8 20. O-O Nc4
21. Bf4 Qe7 22. Rfe1 Rd8 23. h3 Nd6 24. Ne4 Qf7 25. Rf1 Nc4 26. Be5 Nxe5 27. Nxf6+ gxf6 28. Nxe5 fxe5 29. Qg3+ Qg7 30. Qe3 c5
31. Qxe5 cxd4 32. Qxe6+ Bf7 33. Qxa6 Bc4 34. Rfe1 Rde8 35. a4 Ra8 36. Qc6 Qf7 37. f3 bxa4 38. cxd4 Bd5 39. Qc5 c6 40. b5 Qg6
41. Rf1 Rxf3 42. Rxf3 Bxf3 43. Qc4+ Bd5 44. Qe2 cxb5 45. Ra3 Qxg2+ 46. Qxg2+ Bxg2 47. Rg3+ Kh7 48. Kxg2 a3
0-1

[Event "January Standard"]
[Site "SchemingMind.com"]
[Date "2007.01.15"]
[Round "-"]
[White "jtrochez1"]
[Black "hawkeye"]
[Result "1-0"]
[WhiteCountry "HON"]
[BlackCountry "USA"]
[WhiteElo "1511"]
[WhiteRD "47"]
[BlackElo "1499"]
[BlackRD "109"]
[GameID "87035"]

1. e4 e5 2. Nf3 Nc6 3. Bc4 Nf6 4. O-O d5 5. exd5 Nxd5 6. c3 Be7 7. d4 O-O 8. Nbd2 Bf5 9. a3 Bf6 10. dxe5 Nxe5
11. Nxe5 Bxe5 12. Be2 Bf6 13. Nf3 Be6 14. Bd2 Nb6 15. b3 Re8 16. Qc2 Qd5 17. c4 Bf5 18. Qa2 Qe6 19. Rae1 Nd7 20. Bd3 Ne5
21. Bxf5 Qxf5 22. Nxe5 c5 23. f4 Bxe5 24. fxe5 Qe6 25. Bc3 a5 26. a4 b6 27. Rd1 Rad8 28. Qc2 Rd7 29. Rxd7 Qxd7 30. Rd1 Qc7
31. Qf5 Qc6 32. Rd3 Qe6 33. Qxe6 Rxe6 34. Rd8+
1-0

[Event "January Standard"]
[Site "SchemingMind.com"]
[Date "2007.01.15"]
[Round "-"]
[White "rodrigos"]
[Black "hawkeye"]
[Result "1-0"]
[WhiteCountry "ENG"]
[BlackCountry "USA"]
[WhiteElo "1595"]
[WhiteRD "88"]
[BlackElo "1483"]
[BlackRD "100"]
[GameID "87036"]

1. e4 c5 2. d4 Nc6 3. dxc5 e5 4. c3 Bxc5 5. b4 Bb6 6. h3 Nf6 7. Qc2 d6 8. a4 Be6 9. Be2 a5 10. Bd2 Rc8
11. b5 Nd4 12. Qd3 Nb3 13. Ra3 Nxd2 14. Nxd2 Bc5 15. Ra1 O-O 16. Bd1 Qb6 17. Qe2 Rfd8 18. Bc2 Bb4 19. cxb4 Rxc2 20. bxa5 Qc5
21. Ngf3 Rc1+ 22. Rxc1 Qxc1+ 23. Qd1 Qc7 24. O-O d5 25. exd5 Bxd5 26. Qe2 Re8 27. Rd1 Qe7 28. Rc1 e4 29. Ne1 Ba2 30. b6 Nd5
31. Nxe4 Nb4 32. f3 Qe6 33. Nc2 Bc4 34. Qd2 Nd3 35. Ra1 Ba6 36. Nb4 Qe7 37. Nxd3 h6 38. Ndc5 Qe5 39. Rc1 g5 40. Nd7
1-0

[Event "January Standard"]
[Site "SchemingMind.com"]
[Date "2007.01.15"]
[Round "-"]
[White "keen"]
[Black "hawkeye"]
[Result "1-0"]
[WhiteCountry "SCO"]
[BlackCountry "USA"]
[WhiteElo "1744"]
[WhiteRD "63"]
[BlackElo "1499"]
[BlackRD "109"]
[GameID "87037"]

1. e4 d5 2. exd5 Qxd5 3. Nc3 Qa5 4. d4 Nf6 5. Bd2 Qb6 6. Nf3 g6 7. Bd3 c6 8. Qc1 h6 9. O-O Bg7 10. Re1 Bg4
11. Na4 Qd8 12. Nc5 Bxf3 13. Nxb7 Qxd4 14. gxf3 Qd7 15. Nc5 Qd5 16. Ne4 c5 17. Nxf6+ Bxf6 18. Be4 Bxb2 19. Qxb2 Qxd2 20. Qxh8+ Kd7
21. Rad1 Qxd1 22. Rxd1+ Ke6 23. Bxa8 Nd7 24. Qc8
1-0

[Event "January Standard"]
[Site "SchemingMind.com"]
[Date "2007.01.15"]
[Round "-"]
[White "Dr_Pat"]
[Black "hawkeye"]
[Result "0-1"]
[WhiteCountry "USA"]
[BlackCountry "USA"]
[WhiteElo "1559"]
[WhiteRD "50"]
[BlackElo "1508"]
[BlackRD "98"]
[GameID "87038"]

1. e4 c5 2. Nf3 d6 3. d4 cxd4 4. Nxd4 e5 5. Bb5+ Bd7 6. Bxd7+ Qxd7 7. Nf3 Nf6 8. Nc3 Be7 9. Bg5 O-O 10. O-O Re8
11. Nd5 Nxd5 12. exd5 e4 13. Bxe7 Rxe7 14. Nd4 Na6 15. f3 Nc7 16. Re1 e3 17. Nb3 a6 18. Qd3 Re5 19. Rxe3 Rxd5 20. Qe2 Ne6
21. f4 Rf5 22. g3 Rc8 23. c3 Kf8 24. Re1 Re8 25. Nd4 Ra5 26. a3 Rc5 27. Nxe6+ fxe6 28. Rxe6 Rxe6 29. Qxe6 Qxe6 30. Rxe6 Rd5
31. c4 Rd2 32. b4 Kf7 33. f5 g6 34. fxg6+ hxg6 35. Re4 Ra2 36. Rf4+ Ke6 37. h4 Rxa3 38. b5 Rxg3+ 39. Kh2 Ra3 40. Rg4 Kf5
41. Rg5+ Kf6 42. c5 dxc5 43. Rxc5 Ra5
0-1

[Event "January Standard"]
[Site "SchemingMind.com"]
[Date "2007.01.15"]
[Round "-"]
[White "Trener"]
[Black "hawkeye"]
[Result "1-0"]
[WhiteCountry "PAR"]
[BlackCountry "USA"]
[WhiteElo "1987"]
[WhiteRD "86"]
[BlackElo "1499"]
[BlackRD "109"]
[GameID "87039"]

1. d4 d5 2. c4 e6 3. Nc3 Nf6 4. Bg5 Be7 5. e3 O-O 6. Nf3 Nbd7 7. Rc1 c5 8. cxd5 exd5 9. dxc5 Bxc5 10. Be2 Qa5
11. O-O Re8 12. Nxd5 Nxd5 13. Qxd5 Qb6 14. Bf4 Nf6 15. Qxc5 Qxb2 16. Rc2 Qb6 17. Qxb6 axb6 18. Nd4 Bd7 19. Bf3 Rac8 20. Rxc8 Bxc8
21. Rb1 Ne4 22. Rxb6 Nc5 23. a3 Kf8 24. Bd6+
1-0

[Event "January Standard"]
[Site "SchemingMind.com"]
[Date "2007.01.15"]
[Round "-"]
[White "Majoanis"]
[Black "hawkeye"]
[Result "0-1"]
[WhiteCountry "CAN"]
[BlackCountry "USA"]
[WhiteElo "1586"]
[WhiteRD "86"]
[BlackElo "1497"]
[BlackRD "102"]
[GameID "87040"]

1. Nf3 d6 2. d4 Bf5 3. g3 Nf6 4. Bg2 h6 5. O-O Nc6 6. c4 a5 7. Nc3 Qd7 8. Nb5 d5 9. b3 e6 10. Bb2 Be7
11. Nc3 O-O 12. e3 Qc8 13. Nd2 Rd8 14. e4 Bg6 15. exd5 exd5 16. Nxd5 Nxd5 17. Bxd5 Bf6
0-1